International rice research notes; 26.1/2001 The etiology of red stripe of rice: current status and future directions
Tallennettuna:
| Päätekijä: | |
|---|---|
| Aineistotyyppi: | Kirja |
| Kieli: | Undetermined |
| Julkaistu: |
Manila
IRRI
2001
|
| Aiheet: | |
| Tagit: |
Lisää tagi
Ei tageja, Lisää ensimmäinen tagi!
|
| Thư viện lưu trữ: | Trung tâm Học liệu Trường Đại học Cần Thơ |
|---|
| LEADER | 00582nam a2200193Ia 4500 | ||
|---|---|---|---|
| 001 | CTU_44189 | ||
| 008 | 210402s9999 xx 000 0 und d | ||
| 082 | |a 633.18 | ||
| 082 | |b I61n/2001 | ||
| 100 | |a IRRI | ||
| 245 | 0 | |a International rice research notes; 26.1/2001 | |
| 245 | 4 | |b The etiology of red stripe of rice: current status and future directions | |
| 245 | 0 | |c IRRI | |
| 260 | |a Manila | ||
| 260 | |b IRRI | ||
| 260 | |c 2001 | ||
| 650 | |a rice diseases - research | ||
| 904 | |i Nguyễn Quang Điền, 010911 | ||
| 980 | |a Trung tâm Học liệu Trường Đại học Cần Thơ | ||